| 000 | 00644nam a2200217Ia 4500 | ||
|---|---|---|---|
| 005 | 20241129111010.0 | ||
| 008 | 241129s9999||||xx |||||||||||||| ||und|| | ||
| 020 | _a978-0-253-05489-0 | ||
| 037 | _aTB | ||
| 040 |
_aCRL _beng _cCRL |
||
| 041 |
_aeng _2eng |
||
| 084 |
_aQ223:31 R1 _qCRL |
||
| 100 |
_aKarapanagiotis Nicole Au. _9723110 |
||
| 245 | 0 |
_aBranding bhakti: krishna consciousness and the makeover of a movement _cKarapanagiotis Nicole Au. |
|
| 260 |
_ana, USA _bUniversity Press _c2021 |
||
| 300 | _axii,270p. | ||
| 365 |
_aUKP _b24.99 |
||
| 650 | _aReligion | ||
| 942 |
_cTB _hQ223:31 R1 |
||
| 999 |
_c1228466 _d1228466 |
||